000 00478nam a22001577a 4500
999 _c524945
_d524945
003 NUST
038 _aMr. Zahoor
082 _a621
100 _aAnjum Naeem Malik
_915745
245 _aEEG signal Classification for predicting the movement intent of lower limb /
_cAnjum Naeem Malik
260 _aIslamabad :
_bCEME - NUST,
_c2017.
300 _axi, 97 p. : ill. ;
_c30 cm.
500 _aHardcover.
600 _aMechatronics Engineering - MS Thesis
_915674
942 _2ddc
_cTHE